000 01192nam2a2200253 4500
001 RU\NLR\bibl\1228897
005 20250615113542.0
010 _a978-5-275-01625-3
_bт. 3
021 _aRU
_b2008-22792
_91252
035 _a(NLR Aleph) 001215186
090 _a103277
_c103277
100 _a20080519d2008 |||y0rusy50 ca
101 1 _arus
_ceng
102 _aRU
105 _aa |||||||||
200 1 _aРазговоры за чайным столом и другие рассказы
_aАнгел, автор и другие
_eрассказы
_aЭнтони Джон
_eроман
_f[пер. Л. Мурахиной-Аксеновой и др.]
210 _d2008
_aБ. м.
215 _a398, [2] с.
_cпортр.
461 0 _1001RU\NLR\bibl\1237590
_12001#$aИзбранные произведения$vТ. 3
_9155198
_aДжером, Д. К. (1859-1927)
_cМосква
_d2008
_fДжером Клапка Джером
_nТерра Книжный клуб
_oв 3 т. : [перевод с английского]
_tИзбранные произведения
_y978-5-275-01622-2
_vТ. 3
801 0 _aRU
_bNLR
_c20080519
_gRCR
801 1 _aRU
_bNLR
_c20080519
942 _cBOOK
980 _aNB